000 00524nam a2200217Ia 4500
003 OSt
005 20220924133754.0
006 a|||||r|||| 00| 0
007 ta
008 220923b |||||||| |||| 00| 0 snd d
024 _a268755
037 _cTextual
040 _aARTS
_cARTS
_bsnd
041 _2snd
_asnd
082 _aQ8441, 1593J4
100 _aBudasingh
_9207308
245 0 _aBani bhugtan ki
260 _c1954
942 _hQ8441, 1593J4
_cTEXL
_2CC
999 _c435138
_d435138